|
|
|
|
| LEADER |
00000naa2a2200000 4500 |
| 001 |
165810 |
| 005 |
20231031161935.0 |
| 035 |
|
|
|a (RuTPU)RU\TPU\book\179867
|
| 090 |
|
|
|a 165810
|
| 100 |
|
|
|a 20090922d2008 k y0rusy50 ca
|
| 101 |
0 |
|
|a rus
|
| 102 |
|
|
|a RU
|
| 200 |
1 |
|
|a Культурологический анализ русской и китайской кухни
|f Чжан Бин, И. И. Тюрина
|
| 463 |
|
0 |
|0 (RuTPU)RU\TPU\book\167187
|t Трансформация научных парадигм и коммуникативные практики в информационном социуме
|o сборник научных трудов I Всероссийской научно-практической конференции, Томск, 20-21 октября 2008 г.
|f Томский политехнический университет (ТПУ)
|v С. 205-208
|d 2008
|p 327 с.
|
| 610 |
1 |
|
|a русская кухня
|
| 610 |
1 |
|
|a китайская кухня
|
| 610 |
1 |
|
|a питание
|
| 610 |
1 |
|
|a русские
|
| 610 |
1 |
|
|a китайцы
|
| 610 |
1 |
|
|a культура
|
| 610 |
1 |
|
|a культурология
|
| 610 |
1 |
|
|a анализ
|
| 610 |
1 |
|
|a труды учёных ТПУ
|
| 700 |
|
0 |
|a Чжан Бин
|
| 701 |
|
1 |
|a Тюрина
|b И. И.
|c доцент
|c кафедра русского языка как иностранного Томского политехнического университета
|g Ирина Ивановна
|2 stltpush
|3 (RuTPU)RU\TPU\pers\24688
|
| 801 |
|
1 |
|a RU
|b 63413507
|c 20090922
|
| 942 |
|
|
|c BK
|